Closest Stars to Earth - Statistics

General Stats
  • This quiz has been taken 31 times
  • The average score is 14 of 100
Answer Stats
Distance Star % Correct
4.365 ly Alpha Centauri
88%
4.242 ly Proxima Centauri
81%
5.979 ly {Barnard}'s Star
75%
8.583 ly Sirius
56%
11.44 ly Procyon
31%
12.12 ly {Luyten} 725-32
25%
12.25 ly {Luyten}'s Star
25%
14.16 ly {Gliese} 1
19%
18.07 ly {Gliese} 169.1
19%
18.53 ly {Gliese} 205
19%
19.02 ly {Gliese} 213
19%
20.90 ly {Gliese} 223.2
19%
18.77 ly {Gliese} 229
19%
18.31 ly {Gliese} 251
19%
19.96 ly {Gliese} 268
19%
19.92 ly {Gliese} 338
19%
15.87 ly {Gliese} 380
19%
8.294 ly {Gliese} 411
19%
15.86 ly {Gliese} 412
19%
15.09 ly {Gliese} 440
19%
17.42 ly {Gliese} 445
19%
14.31 ly {Gliese} 473
19%
17.66 ly {Gliese} 526
19%
20.29 ly {Gliese} 555
19%
19.12 ly {Gliese} 570
19%
20.67 ly {Gliese} 581
19%
19.35 ly {Gliese} 588
19%
21.30 ly {Gliese} 625
19%
13.92 ly {Gliese} 628
19%
20.86 ly {Gliese} 661
19%
14.82 ly {Gliese} 674
19%
16.46 ly {Gliese} 682
19%
14.79 ly {Gliese} 687
19%
19.06 ly {Gliese} 693
19%
11.49 ly {Gliese} 725
19%
19.28 ly {Gliese} 754
19%
19.62 ly {Gliese} 783
19%
20.21 ly {Gliese} 784
19%
16.14 ly {Gliese} 832
19%
13.15 ly {Gliese} 860
19%
11.27 ly {Gliese} 886
19%
10.69 ly {Gliese} 887
19%
20.40 ly {Gliese} 896
19%
19.41 ly {Gliese} 908
19%
19.40 ly 36 {Ophiuchi}
13%
11.40 ly 61 {Cygni}
13%
16.64 ly 70 {Ophiuchi}
13%
10.48 ly Epsilon Eridani
13%
11.91 ly Tau Ceti
13%
21.05 ly V1054 {Ophiuchi}
13%
14.81 ly V1581 {Cygni}
13%
14.02 ly {Van} {Maanen}'s Star
13%
20.87 ly 2{MASS} J01365662+0933473
6%
18.71 ly 2{MASS} J04151954-0935066
6%
19.97 ly 2{MASS} J09373487+2931409
6%
17.41 ly 2{MASS} J09393548-2448279
6%
18.48 ly 2{MASS} J18353790+3259545
6%
16.20 ly {DENIS} 0255-4700
6%
13.12 ly {DENIS} 1048-3956
6%
19.71 ly e Eridani
6%
15.31 ly {GJ} 1002
6%
19.37 ly {GJ} 1005
6%
11.99 ly {GJ} 1061
6%
19.80 ly {GJ} 1221
6%
17.36 ly {GJ} 3323
6%
17.10 ly {GJ} 3379
6%
15.55 ly {GJ} 3618
6%
14.80 ly {GJ} 3622
6%
20.91 ly {GJ} 3959
6%
15.21 ly IL Aquarii
6%
12.76 ly {Kapteyn}'s Star
6%
20.79 ly {LHS} 2090
6%
20.80 ly {LHS} 337
6%
18.64 ly {LP} 816-60
6%
16.20 ly {LP} 944-20
6%
12.57 ly {Teegarden}'s Star
6%
13.37 ly {UGPS} 0722-05
6%
9.672 ly V1216 {Sagitarii}
6%
19.08 ly V1428 {Aquilae}
6%
13.34 ly V577 {Monocerotis}
6%
19.08 ly {Van} {Biesbroek}'s Star
6%
19.39 ly Achird
0%
15.94 ly AD Leonis
0%
18.77 ly Alsafi
0%
16.69 ly Altair
0%
12.87 ly AX Microscopii
0%
8.728 ly BL Ceti / UV Ceti
0%
7.782 ly CN Leonis
0%
11.83 ly DX Cancri
0%
17.06 ly EI Cancri
0%
11.81 ly Epsilon Indi
0%
16.46 ly EV Lacertae
0%
10.94 ly FI Virginis
0%
11.65 ly GX/GQ Andromedae
0%
10.31 ly HH Andromedae
0%
16.26 ly Keid
0%
19.12 ly KX Librae
0%
12.57 ly {SCR} J1845-6357
0%
14.51 ly TZ Arietis
0%
19.51 ly YZ Canis Minoris
0%
No matching quizzes found
Score Distribution
Percent of People with Each Score
Percentile by Number Answered
Your Score History
You have not taken this quiz